000 01159nam a2200301 i 4500
001 19150
003 ES-MaACL
005 20240228143342.0
007 t|
008 020625s2001 ec ||||1| spa d
020 _a9978-92-174-5
080 _a327(460:866)(091)
080 _a327(866:460)(091)
080 _a94(866)
245 0 0 _aEcuador-España
_b: historia y perspectiva : estudios /
_ccoordinación, María Elena Porras y Pedro Calvo-Sotelo.
260 _a[Quito] :
_bEmbajada de España en el Ecuador :
_bArchivo Histórico del Ministerio de Relaciones Exteriores del Ecuador,
_c[2001]
300 _a295 p. :
_bil. col. y n. ;
_c30 cm.
504 _aBibliografía: p. 276-295.
651 4 _aEcuador-
_xRelaciones-
_zEspaña-
_vHistoria.
_98136
651 4 _aEspaña-
_xRelaciones-
_zEcuador
_98461
651 4 _aEcuador-
_xHistoria.
_98134
700 1 _aPorras, María Elena.
_993144
700 1 _aCalvo-Sotelo Ibáñez-Martín, Pedro.
_933918
710 1 _aEspaña.
_bEmbajada (Ecuador)
_93800
710 1 _aEcuador.
_bMinisterio de Relaciones Exteriores. Archivo Histórico.
_93421
852 _aES-MaACL
_jL-25578
999 _c19150
_d19150